000 00539nam a2200181Ia 4500
001 19621
003 GE_BSU
008 181216s||||||||xx |||||||||||||| ||und||
040 _cGE_BSU
245 _aПсихология обучения, №11 Ноябрь 2016.
245 _cГл. ред. Т.Н.Березина и др.
260 _aМосква
260 _c2016
300 _a122стр. 24см.
653 _aПсихология обучения. №11 Ноябрь 2016.
653 _aპერიოდიკა
942 _cCR
999 _c52597
_d52597